| 000 | 00810nam a2200217 a 4500 | ||
|---|---|---|---|
| 003 | 0 | ||
| 005 | 20250422082259.0 | ||
| 008 | 030520s19uu xx 00 eng d | ||
| 050 |
_aPGS TX 355 _b.Q6 2003 |
||
| 100 | _aQuijano, Rempert C. | ||
| 245 |
_aA study on the eating practices of the grade three students in the SISC canteen / _cRempert C. Quijano. |
||
| 260 |
_aLas PiƱas City, Philippines : _bSouthville International School and Colleges, _c2003. |
||
| 300 |
_a31 pages : _bcolored illustrations ; _c28 cm. |
||
| 504 | _aIncludes bibliographical references. | ||
| 650 |
_aChildren _vNutrition. |
||
| 650 | _aFood preferences in children. | ||
| 650 |
_aEating habits _vJuvenile literature. |
||
| 650 | _aTable etiquette for children. | ||
| 650 |
_aSchool children _vNutrition. |
||
| 942 |
_2lcc _cPASS |
||
| 999 |
_c96914 _d96914 |
||